000
00279nam a22001217a 4500
041
_a
ENG
100
_a
Arora.K.R
245
_a
Fluid Mechanics Hydraulis And Hydraulic Machins
260
_a
Delhi
_b
Standard Pub
_c
1996
300
_a
1356
650
_a
IDE
856
_u
IDE ( 18 )
999
_c
1496
_d
1496